| 000 | 00523nam a2200217Ia 4500 | ||
|---|---|---|---|
| 003 | 0100 | ||
| 008 | 130303s9999 xx 000 0 und d | ||
| 020 | _a0198242549 | ||
| 040 | _cARRUPELIB | ||
| 050 | _aBD418.3.O34 1997 | ||
| 100 | _aO'Hear, Anthony | ||
| 245 | _aBeyond evolution | ||
| 245 | _bhuman nature and the limits of evolutionary explanation | ||
| 260 | _aOxford | ||
| 260 | _bClarendon Press | ||
| 260 | _C1997 | ||
| 300 | _aviii | ||
| 300 | _b 220 p. 24 cm | ||
| 650 | _aPHILOSOPHY | ||
| 942 | 0 | 0 | _01 |
| 999 |
_c15544 _d15544 |
||